[Event "Moscow-ch Men 2020"]
[Site "Moscow"]
[Date "2020.09.15"]
[Round "2.1"]
[White "Antipov, Mikhail Al."]
[Black "Uskov, Artem"]
[Result "1-0"]
[WhiteElo "2584"]
[BlackElo "2164"]
[Annotator "TA"]
[PlyCount "147"]
[EventDate "2020.09.15"]
[EventType "swiss"]
[EventCountry "RUS"]
[SourceTitle "playchess.com"]
[Source "ChessBase"]
[SourceQuality "1"]

{[%evp 23,147,21,47,46,57,60,72,73,65,70,100,106,101,84,106,123,120,109,108,105,112,62,67,71,70,51,56,54,64,64,77,73,90,79,82,59,59,62,63,40,46,46,46,40,31,31,46,40,40,31,33,31,49,46,46,41,46,46,53,34,83,85,90,48,122,112,139,105,124,96,104,98,660,674,643,611,29966,29969,29966,29971,29968,29970,29970,29970,6279,6211,29955,6135,29976,29977,29977,29978,29981,29982,29982,29983,29983,29983,29983,29983,29983,29984,29983,29984,29984,29985,29985,29986,29986,29987,29987,29988,29989,29990,29989,29990,29990,29991,29991,29992,29995,29996,29996,29997,29998,29995]} 1. d4 d5 2. c4 e6 3. Nc3 Nf6 4. cxd5 exd5 5. Bg5 Nbd7 6. e3 c6 7. Bd3 Be7 8. Nf3 O-O 9. O-O Re8 10. Qc2 Nf8 11. h3 Ne4 12. Bf4 Nd6 13. b4 {D36: Queen's Gambit Declined: Exchange Variation: Main line (5 Bg5 c6 6 Qc2).} a6 14. a4 Bd7 15. b5 {White is better.} axb5 16. axb5 {[#]} f6 $146 ({Predecessor:} 16... Rxa1 17. Rxa1 Nxb5 18. Bxb5 cxb5 19. Nxd5 Ne6 20. Bg3 Bf8 21. Ne5 Bc6 22. Nxc6 Qxd5 {½-½ (46) Ovsejevitsch,S (2588)-Schramm,C (2392) Lueneburg 2015}) 17. bxc6 bxc6 18. Na4 Nf7 19. Rab1 Bd6 20. Bxd6 Nxd6 21. Rfc1 Nc8 22. Rb7 Re7 23. Nc5 Be8 24. Rb3 Rea7 25. Nh4 Ne7 26. Nf5 Nxf5 27. Bxf5 Qd6 28. Rcb1 g6 29. Bd3 Nd7 30. Nb7 Qc7 31. g4 Rb8 {[%cal Rb8b7]} 32. Nc5 {And now Na6 would win.} Rxb3 33. Rxb3 Nxc5 34. Qxc5 Ra5 35. Qc3 Kf7 36. Qb2 {Strongly threatening Rb7!} Ra7 37. Rb8 Qe7 38. Kg2 Rc7 39. Be2 Qd7 40. Qb6 Qe7 41. Ba6 Qd7 42. Ra8 Qe7 43. Qb8 Kf8 {[#]} (43... Qe4+ $1 $14 44. Kg3 Re7) 44. Kg1 $1 $36 {[%mdl 2048] Black is under strong pressure.} Qd7 {[#]} 45. Kf1 $1 Qf7 46. h4 Re7 47. Bc8 Qg7 $2 {[%mdl 8192] [#] Loses the game.} (47... c5 $16) 48. Bd7 $1 $18 {[%cal Rd7e8][%mdl 512]} Qf7 (48... Rxd7 49. Qxe8#) 49. Bxc6 Qe6 50. Bxe8 Rxe8 51. Qxe8+ Qxe8 52. Rxe8+ Kxe8 {[%mdl 4096] Endgame KP-KP} 53. Ke2 Ke7 54. Kf3 Kd6 55. e4 h6 56. Ke3 {White mates.} Ke6 57. h5 g5 58. exd5+ Kxd5 59. Kd3 Kd6 60. Ke4 Ke6 61. f3 Kd6 62. Kf5 Kd5 63. Kxf6 Kxd4 {K3P-KPP} 64. Kg6 Ke5 65. Kxh6 {KP-KP} Kf6 66. Kh7 Kf7 67. h6 Ke6 68. Kg6 Ke5 69. Kxg5 Ke6 70. h7 Kd5 71. h8=Q Ke6 72. Qd4 Ke7 73. Kf5 Ke8 74. Ke4 {Accuracy: White = 94%, Black = 76%.} 1-0

[Event "Moscow-ch Men 2020"]
[Site "Moscow"]
[Date "2020.09.15"]
[Round "2.2"]
[White "Teiitbaev, Aktilek"]
[Black "Stukan, Martin"]
[Result "0-1"]
[WhiteElo "2106"]
[BlackElo "2325"]
[Annotator "TA"]
[PlyCount "100"]
[EventDate "2020.09.15"]
[EventType "swiss"]
[EventCountry "RUS"]
[SourceTitle "playchess.com"]
[Source "ChessBase"]
[SourceQuality "1"]

{[%evp 9,100,2,2,0,0,0,0,0,-2,-13,47,-22,-14,-16,-10,-14,-5,-45,-35,-39,-19,-62,-58,-58,-58,-61,-45,-76,-66,-105,-98,-103,-97,-96,-99,-139,-151,-147,-139,-174,-178,-181,-163,-268,-267,-322,-320,-313,-308,-341,-332,-322,-320,-487,-481,-536,-390,-404,-400,-405,-400,-410,-398,-391,-390,-397,-401,-395,-388,-427,-441,-680,-537,-568,-562,-735,-717,-707,-691,-814,-848,-1327,-1282,-12840,-12840,-29976,-29981,-29979,-29981,-12846,-12846,-12846,-12847]} 1. d4 Nf6 2. Nf3 d5 3. e3 c5 4. Nbd2 cxd4 5. exd4 Nc6 6. c3 {D04: Colle System.} Bf5 7. Bb5 Qb6 8. Qe2 {The position is equal.} a6 9. Ba4 {[#]} Qa5 $146 (9... e6 $11) ({Predecessor:} 9... e6 10. O-O h6 11. Ne5 Be7 12. Nb3 O-O 13. Re1 Bd6 14. Bf4 Ne7 15. Nc1 Qc7 {0-1 (65) Golubenko,A (2234)-Volodarsky,Y (2345) ICCF email 2017}) 10. Bb3 ({White should play} 10. Bxc6+ $1 $14 bxc6 11. Ne5) 10... e6 $36 {[%mdl 2048] Black has some pressure.} 11. Nh4 Bg4 12. f3 Bh5 13. g4 Bg6 $1 14. O-O Qb5 15. Qxb5 axb5 {[%cal Ba6b5,Bb5b4][%mdl 32]} 16. Nxg6 hxg6 17. Re1 Kd8 18. Bc2 b4 {White is on the road to losing.} 19. Nb3 Bd6 20. Re2 Rh3 21. Rf2 Kc7 22. Bd2 bxc3 23. bxc3 Rah8 24. g5 Nd7 ({Stronger than} 24... Rxh2 25. Rxh2 Bxh2+ 26. Kg2 $16) 25. f4 Nb6 26. Re1 (26. Nc5 {was necessary.}) 26... Nc4 $19 27. Bc1 Rxc3 28. Bb1 b6 29. Kg2 Rch3 30. Kg1 R8h4 31. Rfe2 (31. Rd1 $142) 31... Bxf4 32. Rf1 Bxh2+ 33. Rxh2 Rxh2 34. Bf4+ {[#]} Rxf4 $1 35. Rxf4 Rh5 36. Rxf7+ Kd6 37. Rxg7 Rxg5+ 38. Kf2 N4a5 39. Nc1 Nxd4 40. Nd3 (40. Rxg6 $142 Rh5 41. Bd3) 40... e5 41. Nb4 Nac6 42. Nd3 Ne6 43. Rb7 e4 44. Nb2 Nf4 {...Rg2+ is the strong threat.} 45. Rxb6 Rg2+ 46. Kf1 e3 {( -> ...e2+)} 47. Nd3 e2+ 48. Ke1 Rg1+ 49. Kd2 Rd1+ 50. Ke3 {[#]} Rxd3+ $1 {Accuracy: White = 38%, Black = 92%.} 0-1

[Event "Moscow-ch Men 2020"]
[Site "Moscow"]
[Date "2020.09.15"]
[Round "2.3"]
[White "Galaktionov, Artem"]
[Black "Fedosov, Alexander"]
[Result "1-0"]
[WhiteElo "2319"]
[BlackElo "1324"]
[Annotator "TA"]
[PlyCount "63"]
[EventDate "2020.09.15"]
[EventType "swiss"]
[EventCountry "RUS"]
[SourceTitle "playchess.com"]
[Source "ChessBase"]
[SourceQuality "1"]

{[%evp 20,63,26,27,41,36,43,0,33,0,48,42,73,47,54,0,75,74,95,89,111,104,243,241,363,171,165,173,147,177,284,281,466,468,439,440,450,413,617,607,593,576,29976,4690,1674,1557]} 1. d4 Nf6 2. Nf3 g6 3. c4 Bg7 4. Nc3 d5 5. cxd5 Nxd5 6. e4 Nxc3 7. bxc3 c5 8. Be3 O-O 9. Qd2 Qa5 10. Rc1 Bg4 11. d5 Bxf3 {D85: Exchange Grünfeld: Unusual White 7th moves and lines with 7 Nf3.} 12. gxf3 Nd7 13. Be2 f5 {The position is equal.} 14. Bg5 {[#]} fxe4 $146 ({Predecessor:} 14... Rae8 15. h4 fxe4 16. fxe4 Qa4 17. Qc2 Qxc2 18. Rxc2 a6 19. a4 Ne5 20. Be3 c4 {1-0 (40) Vincenzi,R-Cillo,A Italy 1984}) 15. fxe4 Bf6 16. Bh6 $36 {[%mdl 2048] White has good play.} Bg7 17. Bg5 Bf6 $1 18. Be3 Ne5 19. O-O Qa4 {[#]} 20. c4 $1 ({But not} 20. Bxc5 $6 Qxe4 21. f4 Nc4 $11) 20... Qd7 {Now Black is done in.} (20... b5 $16) 21. f4 $18 ({Less strong is} 21. Bxc5 Rac8 $14) 21... Qh3 (21... Ng4 $142 22. Bxc5 Bg7) 22. Bxc5 (22. fxe5 $142 Bxe5 23. Bf4 Rxf4 24. Rxf4) 22... Ng4 23. Bxg4 $1 Qxg4+ 24. Qg2 Qh4 (24... Qd7 $142 25. Be3 b6) 25. e5 Rac8 $2 (25... Bg7 {is a better defense.} 26. Qg3 Qxg3+ 27. hxg3 Rfe8) 26. Bf2 ({Not} 26. exf6 Rxc5 27. Qg5 Qxg5+ 28. fxg5 exf6 $14) 26... Qxf4 27. exf6 Rxf6 28. Bxa7 Qh6 (28... Rxc4 $142 29. Rce1 Qd6) 29. Bd4 Rxf1+ 30. Rxf1 {Intending Qg4! and mate.} Rxc4 {[#]} 31. Qe4 (31. Qg3 $142 $1 Qf8 32. Qe5 Qxf1+ 33. Kxf1 Rxd4 34. Qxd4 b5 35. Qb6 Kf8 36. Qxb5) 31... Qg5+ 32. Kh1 {Accuracy: White = 65%, Black = 35%.} 1-0

[Event "Moscow-ch Men 2020"]
[Site "Moscow"]
[Date "2020.09.15"]
[Round "2.4"]
[White "Gubajdullin, Alexei"]
[Black "Pesotskiy, Mikhail"]
[Result "1-0"]
[WhiteElo "2344"]
[BlackElo "2245"]
[Annotator "TA"]
[PlyCount "85"]
[EventDate "2020.09.15"]
[EventType "swiss"]
[EventCountry "RUS"]
[SourceTitle "playchess.com"]
[Source "ChessBase"]
[SourceQuality "1"]

{[%evp 9,85,12,14,13,9,0,0,0,7,4,27,29,29,22,62,23,38,22,20,27,8,27,12,0,0,0,0,0,0,-5,10,0,0,-6,0,0,0,0,2,0,0,0,0,6,18,0,9,28,30,0,37,-5,24,0,20,0,51,0,107,31,73,66,178,175,167,170,5089,5189,29991,29992,29992,5812,4570,2543,29995,29996,29996,29997]} 1. d4 Nf6 2. Bf4 c5 3. e3 Qb6 4. Nc3 {[%cal Bb1c3,Bc3a4,Ba4c5][%mdl 32]} cxd4 5. exd4 a6 6. a3 {A45: Trompowsky Attack.} d5 7. Bd3 Nc6 8. Nge2 {[#] The position is equal.} Bd7 $146 ({Predecessor:} 8... Bg4 9. f3 Bd7 10. Na4 Qa5+ 11. b4 Qd8 12. Nc5 Bc8 13. c3 e6 14. O-O Bd6 {½-½ (65) Schwarz,F (2244)-Zimmermann,J (2299) Germany 2012}) 9. Na4 Qa5+ 10. b4 Qd8 $1 ({Don't go for} 10... Qxa4 $2 11. Nc3 $18) 11. Nc5 Qc8 12. Rb1 e6 13. h4 Nh5 14. Bh2 b6 15. Nxd7 Qxd7 16. b5 axb5 17. Nc3 Nf6 $1 18. Nxb5 {Hoping for Nc7+.} Rc8 $1 19. h5 Be7 20. Bf4 O-O 21. Qf3 Ne4 22. Bxe4 dxe4 23. Qxe4 Nb4 24. axb4 {h6 is the strong threat.} Qxb5 25. Bd2 Bf6 26. h6 {Black must now prevent hxg7.} g6 27. f4 Ra8 28. c3 Ra2 29. Qe2 Qa4 30. Kf2 Qc2 31. Rbd1 Rd8 32. Rh3 Rb2 (32... Be7 $11) 33. g4 (33. Rd3 $14) 33... Ra8 (33... g5 $11 {keeps the balance.}) 34. g5 (34. Rd3 $16) 34... Be7 35. Rd3 $1 Bd6 (35... Rd8 $14) 36. d5 $1 $18 {[%cal Rd5e6]} exd5 37. Rxd5 $40 {[%mdl 128] White attacks with force.} Bxf4 $2 {[#]} (37... Bf8 38. Re1 Qa4) 38. Qe7 $1 {[%mdl 512] Intending Rd8+ and mate.} Bxg5 39. Qxg5 f6 {[#]} 40. Qxf6 (40. Qe3 $142 $1 {[%mdl 512]} Kf8 41. Re1 Qxd2+ 42. Rxd2 Rxd2+ 43. Qxd2 g5 44. Qd7 Ra2+ 45. Kg3 Re2 46. Rxe2 Kg8 47. Qg7#) 40... Rf8 41. Rd8 {[%csl Gf6][%cal Rd8f8]} Qxd2+ 42. R1xd2 ({Stronger than} 42. R8xd2 Rxf6+ 43. Kg3 Rxd2 $11) 42... Rxd2+ {[#]} 43. Ke3 $1 {Accuracy: White = 79%, Black = 56%.} 1-0

[Event "Moscow-ch Men 2020"]
[Site "Moscow"]
[Date "2020.09.15"]
[Round "2.5"]
[White "Rostovtsev, Dmitry"]
[Black "Usov, Alexander"]
[Result "1-0"]
[WhiteElo "1737"]
[BlackElo "1606"]
[Annotator "NA RC"]
[PlyCount "97"]
[EventDate "2020.09.15"]
[EventType "swiss"]
[EventCountry "RUS"]
[SourceTitle "playchess.com"]
[Source "ChessBase"]
[SourceQuality "1"]
[TimeControl "5400+30"]

1. e4 {[%emt 0:00:21]} c6 {[%emt 0:01:26]} 2. d4 {[%emt 0:01:35]} d5 {[%emt 0:00:02]} 3. e5 {[%emt 0:00:08]} c5 {[%emt 0:00:04]} 4. dxc5 {[%emt 0:00:02]} Nc6 {[%emt 0:00:07]} 5. Nf3 {[%emt 0:00:21]} Bg4 {[%emt 0:00:06]} 6. c3 {[%emt 0:01:05]} e6 {[%emt 0:01:43]} 7. Be3 {[%emt 0:00:12]} Nge7 {[%emt 0:01:09]} 8. Nbd2 {[%emt 0:00:44]} Nf5 {[%emt 0:05:49]} 9. Bd4 {[%emt 0:01:41]} f6 {[%emt 0:03:05]} 10. Qa4 {[%emt 0:03:43]} Kf7 {[%emt 0:01:41]} 11. Bb5 {[%emt 0:02:10]} Qc7 {[%emt 0:03:35]} 12. Bxc6 {[%emt 0:01:02]} bxc6 {[%emt 0:02:46]} 13. h3 {[%emt 0:02:24]} Bxf3 {[%emt 0:01:00]} 14. Nxf3 {[%emt 0:00:16]} Be7 {[%emt 0:02:36]} 15. O-O {[%emt 0:03:56]} h5 {[%emt 0:00:34]} 16. Rfe1 {[%emt 0:01:18]} h4 {[%emt 0:01:33]} 17. Re2 {[%emt 0:00:58]} Nxd4 {[%emt 0:01:05]} 18. Nxd4 {[%emt 0:01:05]} f5 {[%emt 0:00:59]} 19. Qxc6 {[%emt 0:00:13]} Qxc6 {[%emt 0:00:08]} 20. Nxc6 {[%emt 0:00:04]} Bxc5 {[%emt 0:00:14]} 21. Rd1 {[%emt 0:04:54]} Rac8 {[%emt 0:00:55]} 22. Nd4 {[%emt 0:01:22]} g5 {[%emt 0:01:12]} 23. Kh2 {[%emt 0:12:09]} a5 {[%emt 0:02:36]} 24. a4 {[%emt 0:01:06]} Ba7 {[%emt 0:02:28]} 25. Nb5 {[%emt 0:03:45]} Bb8 {[%emt 0:00:17]} 26. b4 {[%emt 0:02:57]} Rc4 {[%emt 0:01:14]} 27. Rd4 {[%emt 0:00:31]} Rhc8 {[%emt 0:03:44]} 28. bxa5 {[%emt 0:04:26]} R8c6 {[%emt 0:01:15]} 29. g3 {[%emt 0:03:20]} hxg3+ {[%emt 0:00:47]} 30. Kxg3 {[%emt 0:01:06]} Ra6 {[%emt 0:15:50]} 31. Rxc4 {[%emt 0:02:07]} dxc4 {[%emt 0:00:27]} 32. f4 {[%emt 0:02:06]} gxf4+ {[%emt 0:15:15]} 33. Kxf4 {[%emt 0:00:10]} Rxa5 {[%emt 0:00:07]} 34. Rd2 {[%emt 0:02:04]} Ke7 {[%emt 0:04:23]} 35. Ra2 {[%emt 0:00:08]} Kf7 {[%emt 0:04:19]} 36. h4 {[%emt 0:00:28]} Ba7 {[%emt 0:05:54]} 37. Nxa7 {[%emt 0:03:03]} Rxa7 {[%emt 0:00:02]} 38. a5 {[%emt 0:02:20]} Ra6 {[%emt 0:00:07]} 39. Ke3 {[%emt 0:01:28]} Kg6 {[%emt 0:01:26]} 40. Kd4 {[%emt 0:00:36]} Kh5 {[%emt 0:01:57]} 41. Kxc4 {[%emt 0:00:14]} Kxh4 {[%emt 0:01:35]} 42. Kb5 {[%emt 0:00:12]} Ra8 {[%emt 0:00:11]} 43. a6 {[%emt 0:00:13]} Kg3 {[%emt 0:00:52]} 44. Kc6 {[%emt 0:01:24]} Kf4 {[%emt 0:02:44]} 45. Ra5 {[%emt 0:02:47]} Ke3 {[%emt 0:03:01]} 46. a7 {[%emt 0:00:31]} f4 {[%emt 0:01:35]} 47. Kb7 {[%emt 0:34:45]} Rd8 {[%emt 0:00:23]} 48. a8=Q {[%emt 0:00:00]} Rxa8 {[%emt 0:00:03]} 49. Rxa8 {[%emt 0:00:00]} 1-0

[Event "Moscow-ch Men 2020"]
[Site "Moscow"]
[Date "2020.09.15"]
[Round "2.6"]
[White "Anfinogenov, Artem"]
[Black "Apryshko, Gleb"]
[Result "0-1"]
[WhiteElo "2054"]
[BlackElo "2388"]
[Annotator "TA"]
[PlyCount "113"]
[EventDate "2020.09.15"]
[EventType "swiss"]
[EventCountry "RUS"]
[SourceTitle "playchess.com"]
[Source "ChessBase"]
[SourceQuality "1"]

{[%evp 12,113,50,37,40,51,78,62,64,58,85,41,52,35,65,38,42,33,51,16,24,18,34,23,18,-14,-4,-4,-4,0,0,0,0,0,0,0,0,0,0,-54,-3,-54,0,0,0,-15,-14,-16,0,0,0,0,0,0,0,0,0,0,0,0,0,0,0,0,0,0,0,0,0,0,0,0,70,0,0,-188,-188,-187,-187,-180,-170,-584,-549,-493,0,0,0,0,0,0,0,0,0,-6083,-5181,-29978,-2100,-29978,-29979,-29972,-29975,-29981,-29981,-29983]} 1. d4 g6 2. e4 Bg7 3. Nc3 d6 4. f4 a6 5. Nf3 b5 6. Be3 Bb7 7. Bd3 Nf6 {B06: Modern Defence.} 8. e5 Nd5 9. Nxd5 Bxd5 {White is slightly better.} 10. O-O Nd7 11. Qe2 O-O 12. a4 Rb8 {[#]} 13. b3 $146 {[%cal Ra4b5]} (13. axb5 {seems wilder.} axb5 14. Ng5 h6 15. Nf3 c6 16. c3) ({Predecessor:} 13. c3 c6 14. Bf2 Nb6 15. axb5 axb5 16. Bh4 Qd7 17. f5 gxf5 18. Ng5 e6 19. Nxh7 {1-0 (33) Yilmaz,M (2476)-Drazic,S (2524) Rijeka 2010}) 13... c5 14. axb5 axb5 15. Bxb5 {With the idea c4.} (15. dxc5 {looks sharper.} Nxc5 16. Bxb5 Qc7 17. Bc4 Bxc4 18. Qxc4 Rbc8 19. Ra2) 15... Bxf3 $1 16. gxf3 cxd4 17. Bxd4 dxe5 18. fxe5 (18. Bf2 {keeps more tension.} Nb6 19. fxe5 Nd5 20. Bc4 Nf4 21. Qe4) 18... Bxe5 19. Bxe5 Qb6+ 20. Rf2 Nxe5 21. Qxe5 Qxb5 22. Qxb5 Rxb5 $11 {[%mdl 4096] Endgame KRR-KRR} 23. Ra7 e6 24. Rd2 Rc8 25. Rad7 (25. Rdd7 $1 $11) 25... Kg7 (25... Rc3 $15) 26. Kf2 (26. R7d3 $11) 26... g5 (26... Rc3 $15) 27. R7d3 Rb4 28. Re3 Kg6 29. c4 Rb7 30. Rc3 Rc5 31. Rb2 Rb4 32. Ke3 Kf5 33. Kd4 Rd5+ 34. Ke3 Rd7 35. Rd2 Rc7 36. Rd4 Rcb7 37. Rdd3 Ke5 38. Kd2 h5 39. Kc2 Rc7 40. Kb2 Rb8 41. Rc1 Kf4 ({Better is} 41... f5 $11) 42. Kc3 (42. c5 $14) 42... e5 43. b4 $2 {[#]} (43. Ra1 $11 {and White is okay.}) 43... Rxc4+ $1 $19 {[%mdl 512]} 44. Kxc4 Rc8+ 45. Kd5 Rxc1 {KR-KR} 46. Rb3 $2 (46. b5 {nothing else works.}) 46... g4 47. fxg4 hxg4 $2 (47... e4 $19 48. gxh5 e3) 48. b5 $11 {[%cal Bb4b5,Bb5b6,Bb6b7][%mdl 32]} e4 {...e3 is the strong threat.} 49. b6 {Strongly threatening b7.} Rc8 50. b7 Rb8 {And now ...e3 would win.} 51. Kd4 f5 {Threatens to win with ...e3!} 52. Kd5 $2 {[%mdl 8192]} (52. Rb5 $11) 52... e3 $19 53. Kd4 Rd8+ (53... e2 $142 54. Rb1 {[#]} Rxb7 $1 {[%mdl 512]} 55. Re1 Rd7+ 56. Kc4 Kf3 57. Rb1 Rd1 58. Rb3+ Kf4 59. Rb4 e1=Q 60. Kb5+ Kg5 61. Kc4 Qe4+ 62. Kb5 Rd5+ 63. Kc6 Qe6+ 64. Kb7 Rd7+ 65. Ka8 Qg8+ 66. Rb8 Qa2#) 54. Kc3 e2 {Black mates.} 55. Rb1 Kf3 56. Ra1 Rb8 57. Kd4 {Accuracy: White = 63%, Black = 83%.} 0-1

[Event "Moscow-ch Men 2020"]
[Site "Moscow"]
[Date "2020.09.15"]
[Round "2.7"]
[White "Maslovskiy, Vladimir"]
[Black "Tunik, Sergey"]
[Result "1/2-1/2"]
[WhiteElo "1767"]
[BlackElo "2160"]
[Annotator "TA"]
[PlyCount "47"]
[EventDate "2020.09.15"]
[EventType "swiss"]
[EventCountry "RUS"]
[SourceTitle "playchess.com"]
[Source "ChessBase"]
[SourceQuality "1"]

{[%evp 13,47,15,30,15,31,3,21,0,6,0,0,0,0,0,0,0,12,12,12,7,10,5,11,9,45,40,57,19,26,23,25,0,0,0,37,0]} 1. e4 d5 2. exd5 Qxd5 3. Nc3 Qa5 4. d4 Nf6 5. Nf3 Bf5 6. Bd3 e6 7. O-O Nbd7 8. Bxf5 {B01: Scandinavian Defence.} Qxf5 {[#]} 9. Qe2 $146 ({Predecessor:} 9. d5 Nxd5 10. Nxd5 Qxd5 11. Qxd5 exd5 12. Re1+ Be7 13. Bf4 Kf8 14. Bxc7 Rc8 15. Bf4 Rc4 {1-0 (41) Brueggemann,L-Nothnagel,H (2314) Germany 2016}) 9... Be7 10. Nd1 {The position is equal.} O-O 11. Ne3 Qe4 12. c4 c5 13. Rd1 Rfd8 14. b3 cxd4 15. Rxd4 Qc6 16. Bb2 Nc5 17. Rad1 Rxd4 18. Nxd4 Qa6 19. a3 Rd8 20. b4 Na4 21. Ba1 Nb6 $1 22. Bb2 Na4 23. Ba1 Nb6 $1 24. Bb2 {Accuracy: White = 72%, Black = 92%.} (24. Re1 $5 {[%cal Rd4f5]}) 1/2-1/2

[Event "Moscow-ch Men 2020"]
[Site "Moscow"]
[Date "2020.09.15"]
[Round "3.1"]
[White "Stukan, Martin"]
[Black "Antipov, Mikhail Al."]
[Result "0-1"]
[WhiteElo "2325"]
[BlackElo "2584"]
[Annotator "TA"]
[PlyCount "88"]
[EventDate "2020.09.15"]
[EventType "swiss"]
[EventCountry "RUS"]
[SourceTitle "playchess.com"]
[Source "ChessBase"]
[SourceQuality "1"]

{[%evp 9,88,0,12,18,20,19,81,66,81,47,53,50,52,56,52,35,30,16,58,51,63,0,25,10,20,18,5,7,13,13,13,11,12,-2,-6,-10,0,-30,0,-40,-11,-15,0,0,0,0,0,0,0,-8,0,-4,0,-38,0,-6,0,0,0,-58,0,0,0,-58,0,0,0,-78,-77,-75,0,-47,-17,-422,-406,-635,-630,-637,-620,-581,-544]} 1. d4 d5 2. Nf3 Nf6 3. c4 e6 4. g3 Bb4+ 5. Bd2 Bd6 6. Bg2 {E01: Catalan: Early deviations.} Nbd7 7. O-O {[#]} b6 $146 (7... O-O $11) ({Predecessor:} 7... O-O 8. Qc2 c6 9. Nc3 dxc4 10. Rfd1 Qc7 11. Ng5 Be7 12. a4 e5 13. a5 exd4 14. Bf4 Bd6 15. Rxd4 Bxf4 16. Rxf4 h6 17. Nf3 {½-½ (31) Kramnik,V (2810)-Ivanchuk,V (2757) London 2013}) 8. cxd5 $16 {White is better.} exd5 9. Nc3 Bb7 10. Nb5 Ne4 11. Nxd6+ cxd6 12. a4 O-O 13. b4 b5 14. axb5 Nb6 15. Be1 (15. Bf4 $14) 15... Nc4 16. Qd3 a6 17. bxa6 Bxa6 18. Qb3 Qd7 19. Bc3 Nb6 20. Nd2 Bxe2 21. Rfe1 {Strongly threatening Rxa8.} Rxa1 22. Rxa1 f5 23. f3 Nf6 (23... Bc4 {with more complications.} 24. Qc2 Nxc3 25. Qxc3 f4 26. Re1 Qf5) 24. Bf1 (24. Nf1 {seems wilder.} f4 25. Bd2 fxg3 26. hxg3 Qf7 27. Bf4) 24... Bxf1 25. Nxf1 Nc4 26. Bd2 Qe6 27. Qd3 Nd7 28. Kf2 Ndb6 29. Ra2 h6 30. h4 Re8 31. Bc3 Qf6 32. Bd2 $1 Re7 33. Bc1 Re4 34. Kg2 (34. b5 $11) 34... Rxd4 ({Black should play} 34... Qxd4 $15 35. Qxd4 Rxd4) 35. Qe2 $11 Kh7 36. Ra7 (36. b5 $11) 36... Qe5 ({Better is} 36... Ne5 $1 $15) 37. Qc2 Nc8 38. Ra8 (38. Rb7 $11) 38... Ne7 $36 {[%mdl 2048] Keeping White busy.} 39. Re8 Qf6 (39... Kg6 $17 40. Kf2 Qf6) 40. Qe2 Ng6 41. Bb2 $2 {[%mdl 8192] This costs White the game.} (41. b5 $1 $11 {and White stays safe.}) 41... Nxb2 $19 {[%mdl 64] Discovered Attack} 42. Qxb2 {[#]} (42. Re6 $142 Re4 43. fxe4 Qxe6 44. Qxb2 dxe4 45. Qf2) 42... Nxh4+ $1 {[%mdl 512] Black is clearly winning.} 43. Kf2 {[#]} (43. gxh4 Rg4+) 43... Nxf3 $1 {[%mdl 512]} 44. Re2 (44. Kxf3 Rd3+) 44... Ne5 {Accuracy: White = 68%, Black = 73%.} 0-1

[Event "Moscow-ch Men 2020"]
[Site "Moscow"]
[Date "2020.09.15"]
[Round "3.2"]
[White "Gubajdullin, Alexei"]
[Black "Galaktionov, Artem"]
[Result "1-0"]
[WhiteElo "2344"]
[BlackElo "2319"]
[Annotator "TA"]
[PlyCount "75"]
[EventDate "2020.09.15"]
[EventType "swiss"]
[EventCountry "RUS"]
[SourceTitle "playchess.com"]
[Source "ChessBase"]
[SourceQuality "1"]

{[%evp 9,75,-15,-23,-22,14,0,17,12,10,0,60,48,100,98,101,108,102,105,104,121,133,125,177,171,183,165,179,174,195,196,270,283,292,287,390,398,400,404,341,163,1108,1077,1817,1833,1679,1610,1515,1539,1319,1246,2198,2009,995,937,29983,29984,29984,29985,29985,29986,29986,29987,29986,29983,29987,0,29984,29984]} 1. d4 Nf6 2. Bf4 c5 3. e3 Qb6 4. b3 d5 5. Bd3 {[#]} Bg4 $146 ({Predecessor:} 5... e6 6. Nd2 Bd7 7. Ngf3 Nc6 8. c3 cxd4 9. Nxd4 Nxd4 10. cxd4 Bb5 11. Qe2 Bxd3 12. Qxd3 {1-0 (26) Navarro Coloma,A (1773)-Aayush,B (1527) Budapest 2019}) 6. Ne2 {A45: Trompowsky Attack.} e6 7. O-O Bd6 8. f3 {The position is equal.} Bh5 9. Bb5+ Nbd7 (9... Ke7 $11 10. c4 Bxf4 11. Nxf4 cxd4 12. Qxd4 (12. exd4 Rd8 $11) (12. Nxh5 dxe3 13. Qc1 Nxh5 $17) 12... Qxd4 13. exd4 a6) 10. c4 dxc4 (10... Bxf4 $14 11. Nxf4 cxd4) 11. Na3 {[%cal Bb1a3,Ba3c4,Bc4d6,Bd6c8][%mdl 32]} (11. bxc4 cxd4 12. exd4 (12. Qxd4 Bc5 $11) 12... Rd8 $11) 11... Be7 12. Bxd7+ ({Much worse is} 12. bxc4 $6 cxd4 13. Rb1 Qd8 $11) 12... Nxd7 13. Nxc4 Qa6 14. dxc5 Nxc5 15. Nd6+ $1 Kf8 (15... Bxd6 $16 {might work better.} 16. Qxd6 Nd3) 16. b4 $1 $36 {[%cal Rb4c5,Bb3b4,Bb4b5][%mdl 2080] White is on the roll.} Nd7 17. b5 Qb6 {[#]} 18. Rc1 $1 {And now Nc8 would win.} e5 {[#]} 19. Nc8 $1 Qe6 {[#]} (19... Qd8 $142) 20. Bxe5 $1 {[%mdl 576] Remove Defender} Nxe5 21. Nf4 $1 {[%csl LRe6,LRh5][%mdl 64] Double Attack} Qf5 22. Nxe7 Kxe7 23. Rc7+ Kf8 24. g4 (24. Qc1 $142 {aiming for e4.} Ng6 25. Rc5) 24... Bxg4 $2 (24... Nxf3+ 25. Qxf3 Qxg4+ 26. Qg2 Qxg2+ 27. Kxg2 Bg4) 25. fxg4 Qf6 26. Qd5 Re8 27. Nd3 Qe6 28. Qxe6 Rxe6 29. Nxe5 Rxe5 30. Rfxf7+ {[%mdl 4096] Endgame KRR-KRR} Ke8 31. Rxg7 {[%cal Rc7c8]} Kf8 32. Rcf7+ Ke8 33. Rxb7 {[%cal Rb7b8]} Kf8 34. Rbf7+ Ke8 35. Rxa7 {[%cal Ra7a8]} Kf8 36. Raf7+ Ke8 37. Ra7 {[%cal Ra7a8]} Kf8 $1 38. Rgb7 {Black got outplayed after the opening. Accuracy: White = 91%, Black = 35%.} 1-0